Quiz sulla storia del Belgio - Statistics

Statistiche generali
  • Questo quiz è stato fatto 24 volte
  • Il punteggio medio è 18 su 26
Statistiche sulle risposte
DOMANDA RISPOSTA % Corretto
Nel dopoguerra ci fu un enorme influsso di immigrati che lavoravano nelle miniere di quale materia prima? Carbone
91%
Nazione che invase il Belgio in entrambe le guerre mondiali Germania
91%
Nel 1794 questo imperatore francese occupò il Belgio annettendolo per un quindicennio Napoleone
91%
Famosa strage nella miniera di Marcinelle del 1956 in cui morirono 136 emigrati da questa nazione Italia
86%
Località belga che sancì la fine dell'impero di sopra nel 1815 Waterloo
86%
Nel '600 una delle maggiori città commerciali europee in Belgio Anversa
77%
Nel 1713 col trattato di Utrecht il Belgio passò sotto questa dinastia austriaca Asburgo
77%
La dinastia Merovingia venne sostituita da un'altra dinastia che ebbe tra i suoi re Carlo Magno Carolingia
77%
Alla caduta dell'impero, questo popolo, che ebbe tra i suoi re Clodoveo I, governò la regione Franchi
77%
Religione maggiormente praticare (specificare ramo) Cattolicesimo/Cattolica
73%
Moneta pre-Euro Franco
73%
Nel corso del Medioevo il Belgio passò più volte dalla Francia a questo impero Sacro Romano
73%
Nell'891 questo popolo nordico viene sconfitto a Lovanio Vichinghi
73%
L'arrivo delle prime tribù germaniche nella regione viene citato in questo libro di Cesare De bello gallico
68%
Forma di governo specifica Monarchia parlamentare
68%
In quale anno il Belgio venne annesso all'Impero Romano grazie a Cesare? (Avanti Cristo) 51
64%
Dal 1506 il Belgio come mezza Europa venne governato da questo re/imperatore Carlo V
64%
Lingua ufficiale oltre al francese Fiammingo
64%
Re spietato che governò il Belgio dal 1865 al 1909 Leopoldo II
64%
Fu membro fondatore di questa unione per il libero commercio di carbone e quale altro materiale? Acciaio
59%
Questo re fece di questo stato/colonia un suo dominio personale Congo
59%
Anno d'indipendenza dai Paesi Bassi 1830
55%
Numero di patrimoni Unesco del Belgio 16
50%
Nel 1433 la regione entrò a far parte di questo ducato (regione storica della Francia) Borgogna
41%
Nel 1555 il sopracitato muore lasciando la regione a suo figlio Filippo II
36%
Pittore surrealista nato in Belgio tra le sue opere vi è "Gli amanti" (cognome) Magritte
36%
Nessun quiz corrispondente trovato
Distribuzione punteggi
Percentuale di utenti per punteggio
Percentile per numero di risposta
I tuoi punteggi nel tempo
Non hai fatto questo quiz